000 00396nam a2200121 4500
999 _c14296
_d14296
008 190910b ||||| |||| 00| 0 eng d
082 _aDPer 050 T48 Apr-June 2016 v. 187 n. 12-24
245 _aSaving the great barrier reef.
260 _aHong Kong:
_bTime Asia,
_cc2016.
300 _av187 n23, page 7:
_billustrations;
_c27 cm.
650 _aMarine resources
_zAustralia.
_940181
942 _2ddc
_cPER